01078cam 22002891 4500001000800000005001700008008004100025035002100066906004500087010001700132035001800149040002900167050001700196100004200213240003800255245004700293250004000340260004800380300012100428505005700549650002500606650002900631700003600660985002100696991004300717099002800760920888319980421191316.0720822m19271928nyuacgh b 000 0 engd  9(DLC) 28009450 a7bcbccoclcrplduencipf19gy-gencatlg a 28009450  a(OCoLC)387205 aDLCcOAUdOCoLCdFUdDLC00aML100b.G8861 aGrove, George,cSir,d1820-1900,eed.10aDictionary of music and musicians00aGrove's Dictionary of music and musicians. a3d ed.,bedited by H. C. Colles ... aNew York,bThe Macmillan company,c1927-28. a5 v.bfronts. (v. 2-5 col.) illus. (incl. music) XCII pl. (part col., incl. ports., facsims.; music) diagrs.c24 cm.0 aI. A-C.--II. D-J.--III. K-O.--IV. P-Son.--V. Song-Z. 0aMusicxDictionaries. 0aMusicxBio-bibliography.1 aColles, Henry Cope,d1879-1943. eOCLC REPLACEMENT bc-MusichML100i.G886tCopy 1wOCLCREP agrove-groves-1071949879